Welcome to CU Library Online Public Access Catalogue (OPAC)

Worship as body language : (Record no. 5861)

MARC details
000 -LEADER
fixed length control field 00951cam a2200253 a 4500
001 - CONTROL NUMBER
control field 1165201
005 - DATE AND TIME OF LATEST TRANSACTION
control field 20250520163420.0
008 - FIXED-LENGTH DATA ELEMENTS--GENERAL INFORMATION
fixed length control field 961122s1997 mnu b 001 0 eng
020 ## - INTERNATIONAL STANDARD BOOK NUMBER
International Standard Book Number 0814661513
050 00 - LIBRARY OF CONGRESS CALL NUMBER
Classification number BX1977.A35
Item number U97 1997
082 00 - DEWEY DECIMAL CLASSIFICATION NUMBER
Classification number 264.02
Edition information 21
100 1# - MAIN ENTRY--PERSONAL NAME
Personal name Uzukwu, E. Elochukwu.
245 10 - TITLE STATEMENT
Title Worship as body language :
Remainder of title introduction to Christian worship : an African orientation /
Statement of responsibility, etc. Elochukwu E. Uzukwu.
260 ## - PUBLICATION, DISTRIBUTION, ETC.
Place of publication, distribution, etc. Collegeville, Minn. :
Name of publisher, distributor, etc. Liturgical Press,
Date of publication, distribution, etc. c1997.
300 ## - PHYSICAL DESCRIPTION
Extent xi, 369 p. ;
Dimensions 23 cm.
500 ## - GENERAL NOTE
General note "A Pueblo book."
650 #0 - SUBJECT ADDED ENTRY--TOPICAL TERM
Topical term or geographic name entry element Gesture in worship.
650 #0 - SUBJECT ADDED ENTRY--TOPICAL TERM
Topical term or geographic name entry element Posture in worship.
650 #0 - SUBJECT ADDED ENTRY--TOPICAL TERM
Topical term or geographic name entry element Gesture
General subdivision Religious aspects
-- Christianity.
650 #0 - SUBJECT ADDED ENTRY--TOPICAL TERM
Topical term or geographic name entry element Body language.
856 42 - ELECTRONIC LOCATION AND ACCESS
Materials specified Contributor biographical information
Uniform Resource Identifier <a href="http://www.loc.gov/catdir/enhancements/fy1401/96051705-b.html">http://www.loc.gov/catdir/enhancements/fy1401/96051705-b.html</a>
856 42 - ELECTRONIC LOCATION AND ACCESS
Materials specified Publisher description
Uniform Resource Identifier <a href="http://www.loc.gov/catdir/enhancements/fy1401/96051705-d.html">http://www.loc.gov/catdir/enhancements/fy1401/96051705-d.html</a>
942 ## - ADDED ENTRY ELEMENTS (KOHA)
Source of classification or shelving scheme Library of Congress Classification
Koha item type Books
Suppress in OPAC No
999 ## -
-- 5861
-- 5861
Holdings
Withdrawn status Lost status Source of classification or shelving scheme Damaged status Not for loan Collection Home library Current library Shelving location Date acquired Total checkouts Full call number Barcode Date last seen Copy number Price effective from Koha item type
    Library of Congress Classification     Non-fiction Undergraduate Library (Christ Temple) Undergraduate Library (Christ Temple) General stacks 05/20/2025   BX 1977 UZU ulct00002508 05/20/2025 1 05/20/2025 Books
© 2023-2024 Copyright: Central University Libraries. All Rights Reserved | Created by: Mahone Tech Office